000 00669nam a22001937a 4500
008 130821s1923 fr gr dfre
040 _aCo-BoUCM
_bspa
041 0 0 _afre
092 _aFM 000040
100 _aGirau, Víctor
_9149331
245 0 3 _aLavie héroique de Blaise Pascal
_cVíctor Giraud
260 _aParís (Francia)
_bLes Editions G. Crés
_c1923
300 _a261 páginas
500 _aIncluye bibliografía e índice. -- Este libro se encuentra en el depósito de la biblioteca
600 _aPascal, Blaise
_d1623-1662
_976567
600 _aPascal, Blaise
_d1623-1662
_vBiografías
_9149332
650 0 4 _aBiografías
_97343
942 _cLIBRO
_a27
_e1
_n0
999 _c85539
_d85539